U.S. States Closest to Chicago - Statistics

General Stats
  • This quiz has been taken 116 times
  • The average score is 9 of 10
Answer Stats
Distances U.S. State % Correct
42.5 Michigan
99%
13.1 Indiana
98%
129.1 Iowa
98%
43.2 Wisconsin
98%
213.7 Minnesota
95%
146.3 Ohio
95%
242.2 Kentucky
91%
222.6 Missouri
91%
360 Tennessee
88%
354.1 West Virginia
46%
No matching quizzes found
Score Distribution
Percent of People with Each Score
Percentile by Number Answered
Your Score History
You have not taken this quiz